Plats avec du Bœuf - Mort Subite - Statistiques

Statistiques générales
  • Ce quiz a été pris 215 fois
  • Le résultat moyen est 5 sur 16
Answers on the Grid
Answers color-coded by a green-red scale on the quiz's grid according to % correct below.
Tigre qui pleure / Suea rong hai
Philly cheesesteak
Steak de Hambourg
French dip
Tournedos Rossini
Bœuf Wellington
Wagyu teppanyaki
Daube provençale
Bún bò Huế
Gyūdon
Bulgogi
Steak au poivre
Yukgaejang
Pâté chinois
Smoked meat de Montréal
Gulyásleves
Salade liégeoise
Griot
Quiche lorraine
Qarta
Ttoro basque
Haggis
Salade César
Club sandwich
Coq au vin
Frankfurter Rippchen
Steak de portobello
Tonkatsu
 
Statistiques - réponses
Réponse % Correct
Bœuf Wellington
73%
Steak au poivre
73%
Steak de Hambourg
52%
Tournedos Rossini
46%
Wagyu teppanyaki
37%
Smoked meat de Montréal
35%
Philly cheesesteak
33%
Tigre qui pleure / Suea rong hai
33%
Daube provençale
30%
Bún bò Huế
19%
Bulgogi
13%
Pâté chinois
13%
Gyūdon
9%
Yukgaejang
6%
Gulyásleves
5%
French dip
3%
Aucun quiz correspondant
Distribution des résultats
% des personnes avec chaque résultat
Percentile par nombre de réponses
Votre historique - résultats
Vous n’avez pas pris ce quiz